000 00446nam a2200181Ia 4500
005 20251020182617.0
008 200515s9999 xx 000 0 und d
082 _aSC/694:69.057.5/V44T
110 _aInce
245 0 _aCarpintería de construcción (Encofrado): Tareas
260 _aCaracas
260 _c1976
300 _a62
520 _aTareas básicas para el encofrador
650 _aENCOFRADOS
650 _aPUB INCE
942 _cLIB
999 _c3537
_d3537